000 03463namaa22004211i 4500
003 EG-GICUC
005 20260412112111.0
008 260315s2025 ua a|||frm||| 000 0 eng d
040 _aEG-GICUC
_beng
_cEG-GICUC
_dEG-GICUC
_erda
041 0 _aeng
_beng
_bara
049 _aDeposit
082 0 4 _a660.2
092 _a660.2
_221
097 _aPh.D
099 _aCai01.13.04.Ph.D.2025.Sa.R
100 0 _aSameh Mohamed Fouad Kamel,
_epreparation.
245 1 0 _aRemoval of some heavy metals from wastewater by using a composite of chitosan and metal organic framework MIL (53 FE) /
_cby Sameh Mohamed Fouad Kamel ; Supervisors Prof. Dr. Nabil Mahmoud Abdelmonem.
246 1 5 _aإزالة بعض العناصر الثقيلة من مياه الصرف بإستخدام مركب من الشيتوزان والهيكل الفلزى العضوى للحديد
264 0 _c2025.
300 _a86 pages :
_billustrations ;
_c30 cm. +
_eCD.
336 _atext
_2rda content
337 _aUnmediated
_2rdamedia
338 _avolume
_2rdacarrier
502 _aThesis (Ph.D)-Cairo University, 2025.
504 _aBibliography: pages 76-86.
520 3 _aThis thesis focuses on the removal of some heavy metals from wastewater by using a composite of chitosan and metal organic framework mil (53 Fe), measures must be taken to decrease the amount of heavy metals in water to acceptable levels, chitosan is the most abundant basic biopolymer after cellulose, it was synthesized by chemical method, metal organic framework (53 Fe) was synthesized by hydrothermal method, a composite of chitosan and metal organic framework was synthesized to remove some heavy metals (Cu, Cr, Zn and pb) from wastewater.
520 3 _aتم إزالة بعض المعادن الثقيلة من مياه الصرف بإستخدام مركب من الشيتوزان والهيكل الفلزى العضوى للحديد وتحتوي مياه الصرف على نسبة عالية من المعادن الثقيلة خاصة النحاس والكروم والزنك والرصاص والتي تسبب الكثير من الأمراض للإنسان والحيوان والنبات وتم تصنيع الشيتوزان من قشور الجمبري المصري من خلال ثلاث خطوات رئيسية وهي نزع المعادن وإزالة البروتين ونزع الأسيتيل وقد تم تصنيع الهيكل الفلزى العضوى للحديد بالطريقة الحرارية المائية وقد تم تحضير المركب عن طريق خلط الشيتوزان والهيكل الفلزى العضوى للحديد بكميات وشروط محددة لإزالة بعض المعادن الثقيلة مثل النحاس والكروم والزنك والرصاص من مياه الصرف.
530 _aIssues also as CD.
546 _aText in English and abstract in Arabic & English.
650 0 _aChemical Engineering
650 0 _aالهندسة الكيميائية
653 1 _aRemoval
_aHeavy metals
_aComposite
_aChitosan
_aMOF
_aإزالة
_aالمعادن الثقيلة
700 0 _aNabil Mahmoud Abdelmonem
_ethesis advisor.
900 _b01-01-2025
_cNabil Mahmoud Abdelmonem
_dMohamed Hanafy Mahmoud Sayed
_dEhsan Mohamed Reda Nasef
_UCairo University
_FFaculty of Engineering
_DDepartment of Chemical Engineering
905 _aShimaa
_eEman Ghareb
942 _2ddc
_cTH
_e21
_n0
999 _c179048